000 00981nam a2200217Ia 4500
003 OSt
005 20251112093750.0
007 ca aa aaaaa
008 201103s9999 xx 000 0 und d
040 _cost
041 _aMyanmar
082 _223
_a၂၉၄.၃ ချမ်း
_b၁၃၀၇၅ S-SAT
100 0 _a ချမ်းမြေ့ရိပ်သာဆရာတော်။
245 1 0 _aလူငယ်သင်ချမ်းမြေ့အခြေပျိုးဗုဒ္ဓဘာသာ /
_cချမ်းမြေ့ရိပ်သာဆရာတော်။
250 _aဒုတိယအကြိမ်။
260 _aရန်ကုန်၊
_bဓမ္မဒေသနာပြန့်ပွားရေးအဖွဲ့ငယ်၊
_c၁၉၈၄။
300 _aင၊ ၃၄၃စာမျက်နှာ၊
_c၁၈ စင်တီ။
500 _aS-SAT: Dr. Sai Aung Tun
650 _aဗုဒ္ဓဘာသာ။
942 _2ddc
_cBK1
999 _c15898
_d15898